Zvolen Hlavné nám.

Zobrazenie: Pohľad v bielom orámovaní sprava spomedzi stromy v parku s kovovým oplotením na námestie s budovou predajne Baťa uprostred radu budov. Vľavo v popredí je medzi stromami v parku jedna prázdna lavička. Na ulici je niekoľko automobilov a ľudí. Ulica aj chodník sú lemované dvomi radmi listna...

Celý popis

Podrobná bibliografia
Médium: Pohľadnica
Jazyk:slovenčina
Fyzický popis:1 pohľadnica čiernobiela 9 x 14 cm
Vydavateľské údaje: [Slovensko?] [vydavateľ neznámy] [medzi 1905 a 1973?]
Predmet:

MARC

LEADER 00000ckm a2200000 a 4500
001 vtls011632370
003 SK-MaSNL
005 20260512122903.0
007 kp bo
008 231120q1905 xo g 00 kuslo
015 |a SNBG 
035 |a urn:nbn:sk:snk-km00efaj 
035 |a urn:nbn:sk:snk-km43dq1 
035 |a FE38F8F1-82CB-4E16-A830-DA2258B54058 
040 |a SNK  |b slo  |c SNK  |e AACR2 
041 0 |a slo 
043 |a e-xo--- 
044 |a xo  |c SK 
072 7 |a 913  |x Regionálna geografia  |2 konspekt 
080 |a 913(437.6)  |2 2011 
080 |a 712.253  |2 2011 
080 |a (084.121)  |2 2011 
080 |a 711.73  |2 2011 
080 |a 721  |2 2011 
080 |a 725  |2 2011 
245 0 0 |a Zvolen  |h grafika  |b Hlavné nám. 
260 |a [Slovensko?]  |b [vydavateľ neznámy]  |c [medzi 1905 a 1973?] 
300 |a 1 pohľadnica  |b čiernobiela  |c 9 x 14 cm 
500 |a Názvové údaje prevzaté z obrazovej časti pohľadnice 
500 |a Číslo záberu 4672 
520 8 |a Zobrazenie: Pohľad v bielom orámovaní sprava spomedzi stromy v parku s kovovým oplotením na námestie s budovou predajne Baťa uprostred radu budov. Vľavo v popredí je medzi stromami v parku jedna prázdna lavička. Na ulici je niekoľko automobilov a ľudí. Ulica aj chodník sú lemované dvomi radmi listnatých stromov 
650 0 7 |a parky  |2 SNKPH  |9 2942 
650 0 7 |a ulice  |2 SNKPH  |9 2938 
650 0 7 |a budovy  |2 SNKPH  |9 1283 
650 0 7 |a obchody  |2 SNKPH  |9 3004 
651 7 |a Zvolen (Slovensko)  |2 SNKPHgeo  |9 14595 
655 7 |a miestne pohľadnice  |2 SNKPH  |9 70510 
852 |a Slovenská národná knižnica 
954 |a pohľadnice pôvodné (slovenské)  |2 lita 
958 |a OND 
958 |a GBN 
958 |a GC 
958 |a EUIPO 
999 |c 678608  |d 680538 
952 |a SNK  |b SNK  |y PREZ  |7 0  |p 17A1221400  |o snkSP 25994  |z Pohľadnica prešla poštou.  |0 0  |1 0  |4 0  |d 2017-05-23  |f 1  |l 0  |r 2026-02-23 19:49:13  |w 2026-02-23